000 00359nam a22001571a 4500
020 _a9788170281054
082 _aH3
_bCHA/H
100 _aChathursen
245 _aHridey ki parakh/
_cby Chathursen
260 _aNew Delhi:
_bRajpal,
_c1996.
300 _a103p.
650 _aNovel Hindi
650 _aLiterature Hindi
650 _aLiterature
942 _cBK
999 _c18705
_d18705